000 00475nam a2200169Ia 4500
003 LDD
008 190117s9999 xx 000 0 und d
020 _c₹350
040 _cLDD
041 _ahi
082 _a8H0.03 भा6442
100 _aनगेन्द्र
245 0 _aभारतीय साहित्य कोश
_cनगेन्द्र
260 _aनई दिल्ली
_bन्शनल
_c1981
300 _a1437प्र.
942 _2ddc
_cH
999 _c161891
_d161891